Η προϊστορική Ώλενος : εις την θέσιν της κάτω Αχαϊας /

Bibliographic Details
Main Author: Καράμπελας, Παναγιώτης Γ., 1932- (συγγραφέας.)
Format: Book
Language:Greek
Published: Πάτραι : [χ.ό.], 1972.
Subjects:
LEADER 01088nam a2200205 a 4500
001 GR-Patra7053
003 GR-PaULI
005 20250307144804.0
008 991022s1972 gr 000 0 gre d
040 |a GrPaTEI  |b gre  |c GR-PaULI  |e AACR2 
082 |2 23  |a 938.8 
100 1 |a Καράμπελας, Παναγιώτης Γ.,   |d 1932-  |e συγγραφέας.  |9 43110 
245 1 2 |a Η προϊστορική Ώλενος :   |b εις την θέσιν της κάτω Αχαϊας /  |c Παναγιώτου Γ. Καράμπελα. 
260 |a Πάτραι :  |b [χ.ό.],  |c 1972. 
300 |a 150 σ. ;  |c 21 εκ. 
651 4 |a Ώλενα (Ηλεία)   |x Ιστορία.  |9 208735 
942 |2 ddc  |c BK 
952 |0 0  |1 0  |2 ddc  |4 0  |6 938_250000000000000_ΚΑΡ  |7 0  |9 288343  |a LISK  |b LISK  |c BSC  |d 2021-01-17  |e 24  |f 0  |g 0.00  |l 0  |o 938.25 ΚΑΡ  |p 92410010449  |r 2021-01-17 00:00:00  |t 1  |w 2021-01-17  |y BK15  |x 19991024 0 1  |x GrPaTEI 
952 |0 0  |1 0  |2 ddc  |4 0  |6 938_800000000000000_ΚΑΡ  |7 0  |9 388345  |a LISP  |b LISP  |c DON  |d 2025-03-07  |e ΠΑΝ  |i 095922  |l 0  |o 938.8 ΚΑΡ  |p 025000166547  |r 2025-03-07 14:47:30  |t 2  |w 2025-03-07  |y BKN 
999 |c 168180  |d 168180